| 000 | 00735nam a2200277Ia 4500 | ||
|---|---|---|---|
| 008 | 171025s9999 xx 000 0 und d | ||
| 020 | _a590491040 | ||
| 050 | _a372.4 | ||
| 050 | _bSc368d 1996 | ||
| 100 | _aScholastic | ||
| 245 | _aDiscovery teams : | ||
| 245 | _bteamwork : when we work as a team, we learn new things about our world / | ||
| 245 | _cby Scholastic. | ||
| 260 | _aUSA : | ||
| 260 | _bScholastic, | ||
| 260 | _c1996 | ||
| 300 | _a136 pages : | ||
| 300 | _bcolored illustrations ; | ||
| 300 | _c28cm. | ||
| 440 | _aScholastic literacy place. | ||
| 500 | _aIncludes glossary. | ||
| 650 | _aLanguage arts (Elementary). | ||
| 650 | _aReading (Elementary). | ||
| 700 | _aSeries. | ||
| 700 | _aTitle. | ||
| 999 |
_c344695 _d344695 |
||